Memoria de gestión 2002: Corporación de Asistencia Judicial R.M
Uloženo v:
| Médium: | Kniha |
|---|---|
| Jazyk: | španělština |
| Vydáno: |
Santiago
Corporación de Asistencia Juducial
2003
|
| Témata: | |
| Tagy: |
Přidat tag
Žádné tagy, Buďte první, kdo vytvoří štítek k tomuto záznamu!
|
MARC
| LEADER | 00000nam a2200000 a 4500 | ||
|---|---|---|---|
| 001 | UCL4625 | ||
| 003 | CL-VaPUC | ||
| 008 | 040123e20030000CL |||||||||||||||||spa|d | ||
| 082 | 0 | 4 | |a 345.83052 |b MEM |2 21 |
| 245 | 1 | 0 | |a Memoria de gestión 2002: Corporación de Asistencia Judicial R.M |
| 300 | |a 64 p | ||
| 942 | |c BK | ||
| 945 | |d 20040123 00:00:00 |a cmena | ||
| 260 | |a Santiago |b Corporación de Asistencia Juducial |c 2003 | ||
| 600 | 0 | 7 | |a CORPORACION DE ASISTENCIA JUDICIAL |2 CL-VaPUC |9 482252 |
| 650 | 0 | |a Asistencia judicial |9 254864 | |
| 650 | 7 | |a CONSULTORIO JURIDICO |2 CL-VaPUC |9 482253 | |
| 650 | 0 | |a Defensa |9 258306 | |
| 650 | 0 | |a Procedimiento civil |9 254870 | |
| 650 | 7 | |a DEFENSOR PUBLICO |2 CL-VaPUC |9 482254 | |
| 651 | 7 | |a CHILE |2 CL-VaPUC |9 482255 | |
| 583 | |a last modification |c 20040123 00:00:00 |k Rodrigo Vera | ||
| 999 | |c 307441 |d 307439 | ||
| 952 | |0 0 |1 0 |2 ddc |4 0 |6 345_830520000000000_MEM_2003 |7 0 |8 A |9 373404 |a BIBDER |b BIBDER |d 2019-11-21 |i 3918823 |o 345.83052 MEM 2003 |p 3918823 |r 2023-01-25 |w 2019-11-21 |y MX |k DER | ||